| 000 | 00667cam a2200217 a 4500 | ||
|---|---|---|---|
| 001 | 000004860 | ||
| 005 | 20240422104514.0 | ||
| 008 | 920309s1982 sp a 000 0 spa | ||
| 040 |
_aDO-SdBNP _cDLC _dDLC |
||
| 082 |
_ann _bB142s |
||
| 100 | 1 |
_aBaeza Flores, Alberto, _d1914-1998 _97565 |
|
| 245 | 1 | 0 |
_aSiempre la vida / _cAlberto Baeza Flores. |
| 250 | _a1. ed. | ||
| 260 |
_aBarcelona : _bRondas, _c1982. |
||
| 300 |
_a30 p. : _bil. ; _c22 cm. |
||
| 490 | 1 |
_aEl Poeta ante el espejo _vno. 2 |
|
| 650 | 4 |
_aPoesÃa chilena _99166 |
|
| 650 | 4 |
_aLiteratura chilena _93164 |
|
| 830 | 0 |
_aEl Poeta ante el espejono ; _vno. 2. _914089 |
|
| 910 | _aCatalogación por copia / LC | ||
| 999 |
_c4666 _d4666 |
||